Handbook of Literary Criticism and Ethics /

Storytelling has always occupied a central role in the configuration of self and world. However, the patterns of meaning it creates are often controversial, as they are metaphoric or holistic. The Handbook of Literary Criticism and Ethics provides a clear roadmap to understanding the changing ethica...

Full description

Saved in:

Other Authors: Ganteau, Jean-Michel (Editor), Onega, Susana (Editor)

Format: eBook

Language: English

Published: Leiden ; Boston : Brill, 2026.

Series: Handbooks of Literary and Cultural Studies ; 4.
Literature and Cultural Studies E-Books Online, Collection 2026.

Subjects:

Online Access: Login to view Source

Tags: Add Tag

No Tags, Be the first to tag this record!

Call Number: PK6530

LEADER 02363nam a22004818i 4500
001 BRILL9789004715516
003 nllekb
005 20260324115025.0
006 m d
007 cr un uuuua
008 251016s2026 gw sb 001 0 eng d
020 |a 9789004715516  |q (electronic book) 
020 |z 9789004548299  |q (print) 
024 7 |a 10.1163/9789004715516  |2 DOI 
040 |a NL-LeKB  |c NL-LeKB  |e rda 
041 |a eng 
050 4 |a PK6530 
072 7 |a DS  |2 bicssc 
072 7 |a LIT  |x 000000  |2 bisacsh 
082 0 4 |a 800  |2 23 
245 0 0 |a Handbook of Literary Criticism and Ethics /  |c edited by Susana Onega and Jean-Michel Ganteau. 
264 1 |a Leiden ;  |a Boston :  |b Brill,  |c 2026. 
264 4 |c ©2026 
300 |a 1 online resource (550 pages) :  |b illustrations. 
336 |a text  |b txt  |2 rdacontent 
337 |a computer  |b c  |2 rdamedia 
338 |a online resource  |2 rdacarrier 
490 1 |a Handbooks of Literary and Cultural Studies ;  |v 4 
490 1 |a Literature and Cultural Studies E-Books Online, Collection 2026 
504 |a Includes bibliographical references and index. 
520 |a Storytelling has always occupied a central role in the configuration of self and world. However, the patterns of meaning it creates are often controversial, as they are metaphoric or holistic. The Handbook of Literary Criticism and Ethics provides a clear roadmap to understanding the changing ethical value attributed to Western literature from the ancient Greeks to the present. Readers will gain a nuanced apprehension of the evolution of literary forms, both alongside and against the dominant cultural paradigms. What ensues are critical reconfigurations of ethics and aesthetics. 
546 |a English 
588 |a Description based on print version record. 
650 0 |a Aesthetics & Cultural Theory. 
650 0 |a Literature and Cultural Studies. 
650 0 |a Philosophy. 
700 1 |a Ganteau, Jean-Michel,  |e editor. 
700 1 |a Onega, Susana,  |e editor. 
776 0 8 |i Print version:  |t Handbook of Literary Criticism and Ethics.  |d Leiden ; Boston : Brill, 2026.  |z 9789004548299  |w (OCoLC)1527155204 
830 0 |a Handbooks of Literary and Cultural Studies ;  |v 4. 
830 0 |a Literature and Cultural Studies E-Books Online, Collection 2026. 
856 4 |z DOI:   |u http://dx.doi.org/10.1163/9789004715516 
999 |c 61976  |d 61976